LIBRARY & INFORMATION CENTRE, KCAET, TAVANUR

ONLINE PUBLIC ACCESS CATALOGUE (OPAC)

Normal view MARC view
  • Treat, John Eltniy

Entry Personal Name

Number of records used in: 1

001 - CONTROL NUMBER

  • control field: 6392

003 - CONTROL NUMBER IDENTIFIER

  • control field: OSt

005 - DATE AND TIME OF LATEST TRANSACTION

  • control field: 20241101145350.0

008 - FIXED-LENGTH DATA ELEMENTS

  • fixed length control field: 241101|| aca||aabn | a|a d

040 ## - CATALOGING SOURCE

  • Original cataloging agency: OSt
  • Transcribing agency: OSt

100 ## - HEADING--PERSONAL NAME

  • Personal name: Treat, John Eltniy

670 ## - SOURCE DATA FOUND

  • Source citation: Work cat.: (OSt)1576: Treat, John Eltniy ., Energy futures: Trading opportunities for the 1980s / , 1980.
free website counter